[Event "Summer Cup"]
[Site "Wellington Chess Club"]
[Date "2023.04.06"]
[Round "8.11"]
[White "Katkodia, Ali"]
[Black "Farrington, Lawrence"]
[Result "0-1"]
[WhiteElo "1843"]
[BlackElo "1569"]

1. e4 e6 2. Nc3 d5 3. exd5 exd5 4. d4 Nf6 5. Bg5 Be6 6. Nf3 Be7 7. Bd3 c6 8.
Qd2 h6 9. Bf4 Bd6 10. h3 Qc7 11. Bxd6 Qxd6 12. O-O Nbd7 13. Rfe1 O-O 14. Re3
Rfe8 15. Rae1 Nb6 16. b3 Re7 17. Ne5 Nfd7 18. Rg3 Kf8 19. Qf4 Nxe5 20. Rxe5
Rae8 21. Qf3 Nd7 22. Re3 Nf6 23. Ne2 Bd7 24. Rxe7 Qxe7 25. Qe3 Qxe3 26. Rxe3
Rxe3 27. fxe3 g6 28. Kf2 Nh5 29. e4 dxe4 30. Bxe4 f5 31. Bf3 Nf6 32. c4 Be6 33.
Ke3 Ke7 34. Nf4 Bf7 35. Nd3 Kd6 36. Kf4 Be8 37. a4 b5 38. cxb5 cxb5 39. a5 Nd5+
40. Kg3 Nf6 41. Nb4 Bd7 42. h4 Be8 43. Kf4 Bd7 44. Ke3 Be8 45. d5 Ng4+ 46. Kd4
Ne5 47. Na6 Nxf3+ 48. gxf3 g5 49. hxg5 hxg5 50. Nc5 g4 51. Nb7+ Kc7 52. fxg4
fxg4 53. a6 Kb6 54. d6 Kc6 55. b4 Bd7 56. Ke4 Bc8 57. Kf4 Bxb7 58. axb7 Kxb7
59. d7 Kc7 60. d8=Q+ Kxd8 61. Kxg4 Kc7 62. Kf4 Kb6 63. Ke4 a5 64. Kd3 axb4 65.
Kc2 Kc6 66. Kd3 Kc5 67. Kd2 Kc4 68. Kc2 b3+ 69. Kb2 Kb4 70. Ka1 Ka3 71. Kb1 0-1

[Event "Summer Cup"]
[Site "Wellington Chess Club"]
[Date "2023.04.06"]
[Round "8.12"]
[White "Osborne, Geoff"]
[Black "Ashe, Michael"]
[Result "0-1"]
[WhiteElo "1468"]
[BlackElo "1659"]

1. e4 c6 2. c4 d5 3. cxd5 cxd5 4. exd5 Nf6 5. Nc3 Nxd5 6. Nf3 Bg4 7. Bb5+ Nc6
8. Bxc6+ bxc6 9. Qa4 Bd7 10. d4 Nxc3 11. bxc3 c5 12. Qd1 cxd4 13. cxd4 Bb5 14.
Rb1 a6 15. a4 Qa5+ 16. Bd2 Qxa4 17. Qc1 Qc4 18. Qxc4 Bxc4 19. Ne5 Bb5 20. f4
Rc8 21. Kf2 f6 22. Nf3 e6 23. Rhe1 Kf7 24. g4 Bd6 25. Kg3 g5 26. h4 h6 27. Rb3
Rc4 28. Be3 Rhc8 29. Nd2 Rc3 30. Rxc3 Rxc3 31. Ne4 Bxf4+ 32. Kf2 Bxe3+ 33. Rxe3
Rxe3 34. Kxe3 gxh4 35. Kf2 Ke7 36. Kg1 f5 37. gxf5 exf5 38. Nc3 Kd6 39. Kh2 Bd7
40. Kh3 a5 41. Kxh4 a4 42. Kg3 a3 43. Kf4 Ke6 44. Ke3 Bc6 45. Kd2 Bd5 46. Kc2
a2 47. Kb2 h5 48. Ne2 h4 49. Nf4+ Kd6 50. Nh3 Kc6 51. Nf4 Kd6 52. Nh3 Ke7 53.
Nf4 Bf7 54. Nh3 Kf6 55. Nf4 Kg5 56. Ng2 h3 0-1

[Event "Summer Cup"]
[Site "Wellington Chess Club"]
[Date "2023.04.06"]
[Round "8.13"]
[White "Tanoi, Edward"]
[Black "Sova, Leo"]
[Result "1-0"]
[WhiteElo "1993"]
[BlackElo "1000"]

1. d4 d5 2. c4 e6 3. Nc3 Nf6 4. Bg5 Nbd7 5. e3 Be7 6. Nf3 c6 7. Bd3 dxc4 8.
Bxc4 Nb6 9. Bd3 h6 10. Bxf6 Bxf6 11. O-O Nd5 12. Ne4 O-O 13. a3 b6 14. Rc1 Bb7
15. b4 Rc8 16. Qe2 Qd7 17. Rfd1 Rfd8 18. Ne5 Qe8 19. Bb1 Be7 20. Ng3 Bd6 21.
Nh5 g6 22. e4 gxh5 23. exd5 Bf8 24. dxc6 Bxc6 25. Nxc6 Rxc6 26. Qe4 Bg7 27.
Rxc6 Rxd4 28. Rxd4 Bxd4 29. Qh7+ Kf8 30. Qxh6+ Bg7 31. Qc1 Bb2 32. Qc2 Qd7 33.
Rc8+ Kg7 34. Qxb2+ 1-0

[Event "Summer Cup"]
[Site "Wellington Chess Club"]
[Date "2023.04.06"]
[Round "8.14"]
[White "Henrys, Francis"]
[Black "Sethuramalingam, Karthik"]
[Result "1-0"]
[WhiteElo "1728"]
[BlackElo "1415"]

1. e4 c6 2. Nf3 d5 3. e5 c5 4. c3 Nc6 5. Bb5 Qb6 6. Qe2 Bg4 7. Bxc6+ Qxc6 8.
O-O e6 9. d4 cxd4 10. cxd4 Rc8 11. Be3 Ne7 12. Nbd2 Nf5 13. Nb3 Nxe3 14. fxe3
Be7 15. Rac1 Qd7 16. h3 Bf5 17. Rxc8+ Qxc8 18. Qb5+ Qc6 19. Qxc6+ bxc6 20. Rc1
Kd7 21. Nfd2 Rc8 22. Nc5+ Ke8 23. Kf2 f6 24. exf6 gxf6 25. g4 Bxc5 26. Rxc5 Bg6
27. b4 Kd7 28. Nb3 Rb8 29. a3 Bd3 30. Ra5 Kd6 31. Rxa7 Bg6 32. Nc5 Be8 33. Rxh7
e5 34. dxe5+ fxe5 35. Rh6+ Ke7 36. Re6+ Kf7 37. Rxe5 Ra8 38. Nb7 Bd7 39. Rh5
Rxa3 40. g5 Kg6 41. Rh8 Kxg5 42. h4+ Kg6 43. Nc5 Bg4 44. Kg3 Bd1 45. Kf4 Ra2
46. Rc8 Kh5 47. Rxc6 Kxh4 48. Rh6+ Bh5 49. Ke5 Ra3 50. Kd4 Kg5 51. Rd6 Bf3 52.
b5 Ra8 53. b6 Rb8 54. Ne6+ Kf6 55. Kc5 Ke7 56. Nd4 Rc8+ 57. Rc6 Bg4 58. b7 Rb8
59. Rb6 Bd7 60. Kxd5 Ke8 61. e4 Kd8 62. Kd6 Ke8 63. Kc7 1-0

[Event "Summer Cup"]
[Site "Wellington Chess Club"]
[Date "2023.04.06"]
[Round "8.15"]
[White "Krause, Dawid"]
[Black "Hunt, Liam"]
[Result "0-1"]
[WhiteElo "1500"]
[BlackElo "1673"]

1. d4 f5 2. Nf3 Nf6 3. Nc3 e6 4. Bg5 Bb4 5. e3 Bxc3+ 6. bxc3 O-O 7. Bc4 d6 8.
Qd3 Qe8 9. O-O a6 10. Bb3 b6 11. Qxf5 d5 12. Qe5 Ra7 13. Bxf6 Nd7 14. Qg3 Nxf6
15. Nd2 b5 16. a4 c6 17. f3 Nh5 18. Qh4 Nf6 19. Rae1 h6 20. e4 Qg6 21. Re3 Raf7
22. axb5 axb5 23. e5 Nh5 24. Rf2 Rf4 25. Qe7 R4f7 26. Qc5 Bd7 27. c4 bxc4 28.
Ba4 Nf4 29. Nf1 Nh3+ 30. Kh1 Nxf2+ 31. Kg1 Nh3+ 32. Kh1 Rxf3 33. Qxf8+ Rxf8 34.
Ng3 Nf2+ 35. Kg1 Ne4 36. c3 Qg5 37. h3 0-1

[Event "Summer Cup"]
[Site "Wellington Chess Club"]
[Date "2023.04.06"]
[Round "8.17"]
[White "Shepherd, Blake"]
[Black "Saglam, Azra"]
[Result "1-0"]
[WhiteElo "1566"]
[BlackElo "1000"]

1. d4 Nf6 2. c4 e6 3. Nf3 d5 4. g3 Be7 5. Bg2 c6 6. Nc3 O-O 7. O-O b6 8. e4 Bb7
9. e5 Nfd7 10. cxd5 exd5 11. Bh3 Kh8 12. a3 a5 13. Re1 Na6 14. Nh4 Bxh4 15.
gxh4 Qxh4 16. Bxd7 Rad8 17. Qg4 Qe7 18. Bf5 g6 19. Bh6 Rg8 20. Bd3 Bc8 21. Qg5
1-0

[Event "Summer Cup"]
[Site "Wellington Chess Club"]
[Date "2023.04.06"]
[Round "8.18"]
[White "Hill, Ethan"]
[Black "Hall, Corey"]
[Result "1/2-1/2"]
[WhiteElo "1000"]
[BlackElo "1000"]

1. d4 Nf6 2. Bf4 d6 3. Nf3 g6 4. e3 Bg7 5. c4 c5 6. Nc3 cxd4 7. exd4 e6 8. Bd3
O-O 9. O-O Nc6 10. d5 exd5 11. cxd5 Nb4 12. Bb5 a6 13. Bc4 b5 14. Bb3 Bf5 15.
Qd2 Nd3 16. Nh4 Ne4 17. Nxe4 Bxe4 18. f3 Bd4+ 19. Be3 Bxe3+ 20. Qxe3 Qxh4 21.
fxe4 Ne5 22. Rf4 Ng4 23. h3 Nxe3 24. Rxh4 Rfe8 25. Re1 Nc4 26. Bxc4 bxc4 27.
Rc1 Rec8 28. e5 dxe5 29. Rhxc4 Rxc4 30. Rxc4 Kf8 31. Rc5 Ke7 32. Rc7+ Kd6 33.
Rxf7 Kxd5 34. Rxh7 Rf8 35. Ra7 Rf6 36. Rd7+ Ke6 37. Ra7 Kf5 38. Kf2 Ke4+
1/2-1/2

[Event "Summer Cup"]
[Site "Wellington Chess Club"]
[Date "2023.04.06"]
[Round "8.19"]
[White "Ulm, Eric"]
[Black "Dixon, Hamish"]
[Result "1-0"]
[WhiteElo "1000"]
[BlackElo "1720"]

1. e4 c5 2. Nf3 Nc6 3. Bb5 a6 4. Bxc6 dxc6 5. O-O Qc7 6. d3 e5 7. Be3 Nf6 8.
Nc3 Be7 9. h3 O-O 10. Na4 b6 11. Nc3 Rd8 12. Qc1 b5 13. Rd1 a5 14. a3 Ba6 15.
Ne2 Rd7 16. Ng3 Rad8 17. Nf5 Kf8 18. Nxe7 Kxe7 19. Bxc5+ Ke8 20. Re1 Qb8 21.
Qg5 1-0

[Event "Summer Cup"]
[Site "Wellington Chess Club"]
[Date "2023.04.06"]
[Round "8.21"]
[White "He, Jacob"]
[Black "Sellen, Ian"]
[Result "0-1"]
[WhiteElo "1300"]
[BlackElo "2072"]

1. e4 c5 2. Nf3 d6 3. Bb5+ Bd7 4. a4 Nc6 5. Nc3 e6 6. d3 a6 7. Bxc6 Bxc6 8. Bg5
Be7 9. Bf4 e5 10. Bg5 Bxg5 11. Nxg5 Qxg5 12. O-O Ne7 13. f3 f5 14. b3 O-O 15.
h3 Ng6 16. Qe2 Nf4 17. Qf2 Nxh3+ 18. Kh2 Nxf2 19. Rxf2 fxe4 20. dxe4 Rf6 21.
Nd5 Rh6+ 22. Kg1 Qh4 23. g3 Qh1# 0-1

[Event "Summer Cup"]
[Site "Wellington Chess Club"]
[Date "2023.04.06"]
[Round "8.23"]
[White "Evans, Oliver"]
[Black "Asher, Bruce"]
[Result "0-1"]
[WhiteElo "1641"]
[BlackElo "1064"]

1. e4 e5 2. Nf3 Nc6 3. Bc4 Nf6 4. d3 d5 5. exd5 Nxd5 6. Qe2 f6 7. a3 Qd6 8. O-O
Be6 9. Re1 O-O-O 10. Ba2 g5 11. g3 g4 12. Nh4 Nd4 13. Qd1 Rg8 14. Nd2 Be7 15.
Nc4 Qc5 16. b4 Qb5 17. Bb2 Qd7 18. Ne3 Nxe3 19. fxe3 Nf3+ 20. Nxf3 gxf3 21.
Qxf3 Bxa2 22. Rxa2 Rg5 23. e4 Rf8 24. Bc1 Rg6 25. Qf5 Rfg8 26. c4 Kd8 27. Qxd7+
Kxd7 28. Rf2 h5 29. Re3 Rh8 30. Rf5 Bf8 31. Ref3 Bg7 32. Be3 b6 33. d4 exd4 34.
Bxd4 Ke7 35. h4 Rd8 36. Rd5 Rg4 37. Rxd8 Kxd8 38. Rd3 Ke7 39. Rf3 Rxe4 40. Re3
Rxe3 41. Bxe3 Ke6 42. c5 Kd5 43. cxb6 cxb6 44. Bf4 b5 45. Kf2 f5 46. Bc1 Ke4
47. a4 bxa4 48. b5 Bd4+ 49. Ke2 Bc5 50. Bb2 a3 51. Bc3 a2 52. Kd2 Bd4 0-1

[Event "Summer Cup"]
[Site "Wellington Chess Club"]
[Date "2023.04.06"]
[Round "8.24"]
[White "Hupert, Leo"]
[Black "Hill, Matthew"]
[Result "1-0"]
[WhiteElo "1326"]
[BlackElo "1000"]

1. e4 c5 2. Bc4 Nc6 3. c3 a6 4. Nf3 e6 5. d3 d5 6. Bb3 Nf6 7. Bg5 dxe4 8. dxe4
Qxd1+ 9. Bxd1 Nxe4 10. Bc2 Nxg5 11. Nxg5 f6 12. Nf3 Be7 13. Nbd2 f5 14. Nc4 Bd8
15. O-O O-O 16. Rad1 Bc7 17. Rfe1 Re8 18. Bxf5 g6 19. Bc2 Re7 20. Ng5 Kg7 21.
Re3 Bf4 22. Nb6 Bxe3 23. Nxa8 Bxg5 24. Nb6 Re8 25. Nxc8 Rxc8 26. Rd7+ Kh6 27.
g3 e5 28. h4 Bc1 29. Kg2 Bxb2 30. g4 g5 31. Rxh7# 1-0

[Event "Summer Cup"]
[Site "Wellington Chess Club"]
[Date "2023.04.06"]
[Round "8.25"]
[White "Fairbrother, Rebecca"]
[Black "Schwalger, Harry"]
[Result "0-1"]
[WhiteElo "1000"]
[BlackElo "1500"]

1. e4 e5 2. Nf3 Nc6 3. Nc3 Bc5 4. Bc4 a6 5. a4 d6 6. d3 Bg4 7. Bg5 f6 8. Qd2
Bxf3 9. Rg1 fxg5 10. gxf3 Nd4 11. O-O-O Nxf3 12. Qe2 Nxg1 13. Rxg1 Qf6 14. Nd5
Qxf2 15. Re1 O-O-O 16. Nc3 Nf6 17. Nd1 Qxe2 18. Rxe2 d5 19. exd5 Nxd5 20. Rxe5
Nb6 21. Be6+ Kb8 22. a5 Bd6 23. Rxg5 Bf4+ 24. Ne3 Bxe3+ 25. Kb1 Bxg5 26. axb6
cxb6 27. c4 Rxd3 0-1

[Event "Wellington Open 2023"]
[Site "Wellington Chess Club"]
[Date "2023.04.07"]
[Round "1.1"]
[White "Zhu, David Junyang"]
[Black "Croad, Nicolas"]
[Result "0-1"]
[WhiteElo "1740"]
[BlackElo "2442"]

1. d4 Nf6 2. c4 e6 3. g3 Bb4+ 4. Bd2 Be7 5. Nf3 O-O 6. Bg2 d5 7. Qc2 Nbd7 8.
O-O c6 9. Rc1 Ne4 10. Bf4 g5 11. Be3 f5 12. Ne5 Nd6 13. cxd5 exd5 14. Nc3 f4
15. Bd2 Nxe5 16. dxe5 Nc4 17. e4 d4 18. Qb3 b5 19. Nd5 cxd5 20. exd5 Nxd2 21.
Qd3 f3 22. Qxd2 fxg2 23. Qxd4 Qb6 24. Qd2 Bb7 25. d6 Rad8 26. Rc2 Bxd6 27.
Qxg5+ Kh8 28. exd6 Qxd6 29. Re1 Rde8 30. Qc1 Qb4 31. Rce2 Rxe2 32. Rxe2 Bf3 33.
Re1 Qd4 34. b3 Be4 35. Qe3 Qxe3 36. Rxe3 Bf3 37. h3 b4 38. Kh2 Kg7 39. Kg1 h5
40. Kh2 Rf5 41. g4 hxg4 42. hxg4 Rf7 43. Kg1 Bb7 44. Rd3 Kg6 45. Rg3 Kg5 46.
Rd3 Bf3 47. Kh2 0-1

[Event "Wellington Open 2023"]
[Site "Wellington Chess Club"]
[Date "2023.04.07"]
[Round "1.2"]
[White "Ker, Anthony"]
[Black "Rose, Nathan"]
[Result "1-0"]
[WhiteElo "2425"]
[BlackElo "1737"]

1. e4 c5 2. Nc3 d6 3. d4 cxd4 4. Qxd4 Nc6 5. Qd2 Nf6 6. b3 g6 7. Bb2 Bg7 8.
O-O-O O-O 9. Kb1 Bd7 10. f3 a5 11. a4 Nb4 12. g4 Bc6 13. Nge2 Rc8 14. h4 b5 15.
axb5 Bd7 16. h5 Qb6 17. Ng3 Be6 18. Nf5 Bxf5 19. exf5 d5 20. hxg6 fxg6 21. fxg6
hxg6 22. g5 Nh5 23. Nxd5 Qc5 24. Bc4 Kh8 25. Rxh5+ gxh5 26. Qh2 Bxb2 27. Qxh5+
Kg7 28. Nf4 1-0

[Event "Wellington Open 2023"]
[Site "Wellington Chess Club"]
[Date "2023.04.07"]
[Round "1.3"]
[White "Coates, Alex"]
[Black "Dive, Russell"]
[Result "0-1"]
[WhiteElo "1718"]
[BlackElo "2350"]

1. d4 Nf6 2. c4 e6 3. Nc3 Bb4 4. Qc2 c5 5. e3 O-O 6. a3 Bxc3+ 7. Qxc3 b6 8. Nf3
Bb7 9. b4 Qe7 10. Bd3 Ne4 11. Bxe4 Bxe4 12. Bb2 f5 13. h4 Nc6 14. dxc5 bxc5 15.
b5 Bxf3 16. gxf3 Nd8 17. Rg1 Rf7 18. h5 d6 19. f4 h6 20. Rg6 Kh7 21. O-O-O Nb7
22. Rdg1 Rg8 23. a4 Qd7 24. a5 d5 25. cxd5 exd5 26. Kb1 d4 27. exd4 cxd4 28.
Qg3 Re8 29. a6 Nc5 30. Rc6 Ne4 31. Qg6+ Kg8 32. Qxh6 Nd2+ 33. Ka1 Re1+ 0-1

[Event "Wellington Open 2023"]
[Site "Wellington Chess Club"]
[Date "2023.04.07"]
[Round "1.4"]
[White "Winter, Ryan"]
[Black "Campbell, Cazna"]
[Result "1-0"]
[WhiteElo "2209"]
[BlackElo "1701"]

1. e4 c6 2. d4 d5 3. e5 c5 4. dxc5 e6 5. a3 Bxc5 6. b4 Bb6 7. Bb2 Ne7 8. Nf3
Nbc6 9. Bd3 Bd7 10. O-O Ng6 11. Re1 O-O 12. Nbd2 Qe7 13. g3 Rac8 14. h4 Rfd8
15. h5 Nf8 16. h6 g6 17. Nf1 a6 18. N1h2 Na7 19. Bc1 f6 20. exf6 Qxf6 21. Bg5
Qf7 22. Ng4 Nc6 23. b5 axb5 24. Bxb5 e5 25. Nf6+ Kh8 26. Bxc6 Bxc6 27. Nxe5 Qc7
28. Bf4 Rd6 29. Neg4 Bd7 30. Be5 1-0

[Event "Wellington Open 2023"]
[Site "Wellington Chess Club"]
[Date "2023.04.07"]
[Round "1.5"]
[White "List, Robert"]
[Black "Cummings, Nick"]
[Result "0-1"]
[WhiteElo "1677"]
[BlackElo "2153"]

1. e4 c6 2. d4 d5 3. e5 c5 4. c3 Nc6 5. Be3 cxd4 6. cxd4 Nh6 7. Nc3 g6 8. Rc1
Nf5 9. Nf3 Nxe3 10. fxe3 Bh6 11. Qd2 Bg4 12. Be2 O-O 13. O-O e6 14. h3 Bxf3 15.
Rxf3 f6 16. exf6 Rxf6 17. Rxf6 Qxf6 18. Rf1 Qg5 19. Nd1 Bg7 20. Bg4 Re8 21. Qf2
Qe7 22. Nc3 Rf8 23. Qe2 Rxf1+ 24. Kxf1 h5 25. Bf3 Qg5 26. Nd1 Ne7 27. Qb5 Kh7
28. Qxb7 Nf5 29. Ke2 Qg3 30. Qf7 Qd6 31. Qxa7 e5 32. Qc5 Qa6+ 33. Kf2 exd4 34.
Bxd5 dxe3+ 35. Ke1 Qd3 36. Nc3 0-1

[Event "Wellington Open 2023"]
[Site "Wellington Chess Club"]
[Date "2023.04.07"]
[Round "1.6"]
[White "Archer, Ollie"]
[Black "Nazeer, Afique"]
[Result "1-0"]
[WhiteElo "2151"]
[BlackElo "1669"]

1. d4 d5 2. c4 c6 3. Nf3 Nf6 4. Nc3 Bf5 5. cxd5 cxd5 6. Qb3 b6 7. Bg5 e6 8. e4
dxe4 9. Bb5+ Ke7 10. Ne5 Qd6 11. Bf4 Qxd4 12. Rd1 Qc5 13. Be3 1-0

[Event "Wellington Open 2023"]
[Site "Wellington Chess Club"]
[Date "2023.04.07"]
[Round "1.7"]
[White "Brockway, Andrew"]
[Black "Sole, Michael"]
[Result "0-1"]
[WhiteElo "1662"]
[BlackElo "2142"]

1. e4 e5 2. Nf3 Nc6 3. d4 exd4 4. Bc4 Bc5 5. c3 Nf6 6. cxd4 Bb4+ 7. Bd2 Nxe4 8.
Bxb4 Nxb4 9. Qb3 d5 10. Qxb4 dxc4 11. Qxc4 O-O 12. O-O Be6 13. Qe2 Ng5 14. Nxg5
Qxg5 15. Qe5 Qd8 16. Nd2 Re8 17. Rfe1 c6 18. Re3 f6 19. Qc5 Qd7 20. Nf3 b6 21.
Qc3 Rac8 22. b4 Qd5 23. Qd2 Rcd8 24. Qc3 Bg4 25. Rae1 Rxe3 26. Qxe3 Bxf3 27.
gxf3 Qxa2 28. Qe7 Rf8 29. Qc7 Qd5 30. Re4 h5 31. Qxa7 Qg5+ 32. Kh1 f5 33. Re3
h4 34. h3 Rf6 35. Re8+ Kh7 36. Qb8 Qc1+ 37. Kh2 Kg6 38. Re1 Qxe1 0-1

[Event "Wellington Open 2023"]
[Site "Wellington Chess Club"]
[Date "2023.04.07"]
[Round "1.8"]
[White "Huang, Alex"]
[Black "Ashe, Michael"]
[Result "1-0"]
[WhiteElo "2138"]
[BlackElo "1659"]

1. e4 c6 2. d4 d5 3. Nc3 dxe4 4. Nxe4 Nf6 5. Nxf6+ exf6 6. c3 Bd6 7. Bd3 O-O 8.
Qc2 Re8+ 9. Ne2 h5 10. Be3 h4 11. O-O-O h3 12. gxh3 Bxh3 13. Ng3 Qc7 14. Rhg1
Bg4 15. Rde1 Bf4 16. h3 Bf3 17. Nf5 g6 18. Nh4 Bh5 19. Nxg6 Bxe3+ 20. fxe3 fxg6
21. Bxg6 Bxg6 22. Qxg6+ Kf8 23. Qh6+ 1-0

[Event "Wellington Open 2023"]
[Site "Wellington Chess Club"]
[Date "2023.04.07"]
[Round "1.9"]
[White "Sun, Wanyao Sarah"]
[Black "Timergazi, Layla"]
[Result "0-1"]
[WhiteElo "1635"]
[BlackElo "2136"]

1. e4 c6 2. d4 d5 3. e5 Bf5 4. h4 h5 5. Bd3 Bxd3 6. Qxd3 e6 7. Bg5 Qb6 8. c4
Qxb2 9. Qb3 Bb4+ 10. Kf1 Qxa1 11. Qxb4 Qxd4 12. Nd2 Nd7 13. Qxb7 Qa1+ 14. Ke2
Qxe5+ 15. Kf1 Rb8 16. Qxc6 Ne7 17. Ngf3 Nxc6 18. Nxe5 Ndxe5 19. Bf4 dxc4 20.
Rh3 Rb2 21. Rc3 O-O 22. Nxc4 Rb1+ 23. Ke2 Nd4+ 24. Kd2 Nxc4+ 25. Rxc4 Rd8 26.
Be3 Nf5+ 27. Kc2 Nxe3+ 28. fxe3 Rg1 0-1

[Event "Wellington Open 2023"]
[Site "Wellington Chess Club"]
[Date "2023.04.07"]
[Round "1.10"]
[White "Cilia Vincenti, David"]
[Black "Hurndell, Robert"]
[Result "1-0"]
[WhiteElo "2136"]
[BlackElo "1626"]

1. d4 d5 2. c4 Nf6 3. cxd5 Nxd5 4. Nf3 g6 5. e4 Nb6 6. h3 Bg7 7. Nc3 O-O 8. Be3
Nc6 9. Be2 a6 10. O-O Re8 11. Qd2 Bd7 12. Rac1 Nc8 13. Rfd1 Nd6 14. Bf4 e5 15.
dxe5 Nxe5 16. Nxe5 Bxe5 17. Bxe5 Rxe5 18. f4 Re8 19. e5 Bc6 20. exd6 cxd6 21.
Bc4 Qh4 22. Qf2 Qf6 23. Nd5 Bxd5 24. Bxd5 Rab8 25. Rc7 Re7 26. Rxe7 Qxe7 27. f5
gxf5 1-0

[Event "Wellington Open 2023"]
[Site "Wellington Chess Club"]
[Date "2023.04.07"]
[Round "1.11"]
[White "Keith, Matthew"]
[Black "Tang, Hao"]
[Result "0-1"]
[WhiteElo "1621"]
[BlackElo "2133"]

1. Nf3 Nf6 2. c4 c5 3. g3 Nc6 4. Bg2 d5 5. cxd5 Nxd5 6. d4 e6 7. O-O cxd4 8.
Nxd4 Be7 9. Nxc6 bxc6 10. e4 Nb4 11. Qa4 Bd7 12. a3 Nd3 13. Qc2 Nxc1 14. Rxc1
O-O 15. Nd2 Rb8 16. Nc4 Qc7 17. Rd1 c5 18. Rac1 Bb5 19. Ne3 Qa5 20. Bf1 Ba4 21.
Qd2 Qc7 22. Re1 Rfd8 23. Qe2 Rd4 24. b4 h6 25. Qa6 Bc6 26. bxc5 Rxe4 27. Bg2
Bb5 28. Qxb5 Rxb5 29. Bxe4 Rxc5 30. Rb1 f5 31. Bf3 Bf6 32. Rb7 Qa5 33. Rd1 Rc7
34. Rb8+ Kh7 35. Re8 Re7 36. Rc8 Qxa3 37. Rdd8 Kg6 38. h4 a5 39. Bd1 Be5 40.
h5+ Kf6 41. Nc4 Qa1 42. f4 Bd4+ 43. Kh2 Qxd1 44. Rf8+ Rf7 45. Rxf7+ Kxf7 46.
Rc7+ Kg8 47. Rc8+ Kh7 0-1

[Event "Wellington Open 2023"]
[Site "Wellington Chess Club"]
[Date "2023.04.07"]
[Round "1.12"]
[White "Ning, Isabelle Yixuan"]
[Black "Jones, Christopher"]
[Result "1-0"]
[WhiteElo "2109"]
[BlackElo "1596"]

1. d4 d5 2. c4 e6 3. Nc3 Nf6 4. cxd5 exd5 5. Bg5 c6 6. e3 Be7 7. Bd3 Bg4 8.
Nge2 Qa5 9. O-O Nbd7 10. a3 c5 11. dxc5 Qxc5 12. Rc1 Rc8 13. Na2 O-O 14. Rxc5
Nxc5 15. Nac3 Rfd8 16. f3 Bh5 17. Nf4 Bg6 18. Bxg6 hxg6 19. Bxf6 Bxf6 20. Nfxd5
Bxc3 21. bxc3 Kf8 1-0

[Event "Wellington Open 2023"]
[Site "Wellington Chess Club"]
[Date "2023.04.07"]
[Round "1.13"]
[White "Howe, Alexander"]
[Black "Van der Hoorn, Thomas"]
[Result "0-1"]
[WhiteElo "1556"]
[BlackElo "2068"]

1. e4 c6 2. d4 d5 3. Nd2 dxe4 4. Nxe4 Nf6 5. Qd3 Nxe4 6. Qxe4 Nd7 7. Nf3 Nf6 8.
Qd3 Bg4 9. c3 e6 10. Qd1 Bd6 11. h3 Bh5 12. Be2 Qc7 13. Be3 O-O 14. O-O Rfd8
15. Qc2 Bg6 16. Bd3 Bxd3 17. Qxd3 c5 18. Qe2 Nd5 19. Rae1 Nxe3 20. fxe3 h6 21.
Kh1 Rac8 22. e4 Bg3 23. Rd1 cxd4 24. Rxd4 Rxd4 25. Nxd4 Be5 26. Qf2 Qd7 27. Nf3
Bb8 28. e5 b5 29. Qe2 Rd8 30. Nd4 b4 31. Qf3 Rc8 32. Rd1 bxc3 33. Nf5 c2 34.
Nxh6+ gxh6 35. Rxd7 c1=Q+ 36. Qd1 Qxd1+ 37. Rxd1 Bxe5 0-1

[Event "Wellington Open 2023"]
[Site "Wellington Chess Club"]
[Date "2023.04.07"]
[Round "1.14"]
[White "Young, Cohen"]
[Black "Moshakova, Elena"]
[Result "1-0"]
[WhiteElo "1994"]
[BlackElo "1520"]

1. e4 e5 2. Nf3 Nc6 3. Bb5 a6 4. Ba4 Nf6 5. O-O b5 6. Bb3 Be7 7. d4 d6 8. c3
O-O 9. h3 Nxe4 10. Bd5 Nxf2 11. Rxf2 Bb7 12. dxe5 dxe5 13. Rf1 Bd6 14. Ng5 Na5
15. Qh5 1-0

[Event "Wellington Open 2023"]
[Site "Wellington Chess Club"]
[Date "2023.04.07"]
[Round "1.15"]
[White "McConnell, Jack"]
[Black "Tanoi, Edward"]
[Result "0-1"]
[WhiteElo "1512"]
[BlackElo "1993"]

1. d4 Nf6 2. c4 e6 3. Nc3 d5 4. cxd5 Nxd5 5. e4 Nxc3 6. bxc3 Be7 7. Nf3 O-O 8.
Bd3 c5 9. O-O Nd7 10. a4 h6 11. a5 Qc7 12. Qe2 e5 13. dxe5 Nb8 14. Nd2 Qxe5 15.
Nc4 Qe6 16. e5 Nc6 17. Qe4 f5 18. Qe2 Rd8 19. f4 Qf7 20. Ne3 Be6 21. Qc2 Rxd3
22. Qxd3 c4 23. Qe2 Bc5 24. Kh1 Bxe3 25. Bxe3 Bd5 26. Rfd1 Rd8 27. Ra2 Kh7 28.
Qf2 Qe6 29. Kg1 Rd7 30. Rb1 Qg6 31. Bc5 Be4 32. Rd1 Bd3 33. Qe3 Qg4 34. Re1 Be4
35. Qg3 Qh5 36. Bd6 Nd8 37. Rae2 Ne6 38. Re3 g5 39. Rxe4 fxe4 40. f5 Nf4 41.
Qf2 Nd3 42. Qe2 Qe8 43. Qxe4 Nxe1 44. Qxe1 Rxd6 45. e6 Qe7 46. Qb1 Kg7 47. Qe1
Kf6 0-1

[Event "Wellington Open 2023"]
[Site "Wellington Chess Club"]
[Date "2023.04.07"]
[Round "1.16"]
[White "Chen, Wei Kai"]
[Black "Yang, Edison J"]
[Result "1-0"]
[WhiteElo "1973"]
[BlackElo "1492"]

1. e4 e6 2. d4 d5 3. Nd2 Nf6 4. e5 Nfd7 5. f4 c5 6. Ngf3 cxd4 7. Nxd4 Nc6 8.
N2b3 Bb4+ 9. c3 Nxd4 10. Qxd4 Ba5 11. Nxa5 Qxa5 12. Bd3 Nc5 13. Bc2 Qc7 14. Be3
b6 15. O-O Ba6 16. Rf3 O-O 17. f5 Ne4 18. f6 g6 19. Bxe4 dxe4 20. Qxe4 Bb7 21.
Qf4 Kh8 22. Qh6 1-0

[Event "Wellington Open 2023"]
[Site "Wellington Chess Club"]
[Date "2023.04.07"]
[Round "1.17"]
[White "Osborne, Geoff"]
[Black "Loke, Kayden"]
[Result "0-1"]
[WhiteElo "1468"]
[BlackElo "1972"]

1. e4 e5 2. Nf3 Nf6 3. Nxe5 d6 4. Nf3 Nxe4 5. d4 d5 6. Bd3 Bd6 7. O-O O-O 8.
Re1 Re8 9. c4 c6 10. cxd5 cxd5 11. Nc3 Bf5 12. Qc2 Nxc3 13. Bxf5 Rxe1+ 14. Nxe1
Nb5 15. Bxh7+ Kf8 16. Nf3 Nc6 17. Be3 Qf6 18. Rd1 Re8 19. a4 Nc7 20. Bg5 Nxd4
21. Bxf6 Nxc2 22. Bxc2 gxf6 23. Re1 Rxe1+ 24. Nxe1 Be5 25. b3 Bc3 26. h4 Bxe1
27. Bf5 Ne6 28. g4 Nc5 29. Bc2 d4 30. Kf1 Bb4 31. Ke2 d3+ 32. Bxd3 Nxd3 33.
Kxd3 f5 34. g5 Kg7 35. Ke3 Bc5+ 36. Kf3 Kg6 37. Kg3 Kh5 38. Kf4 Bxf2 0-1

[Event "Wellington Open 2023"]
[Site "Wellington Chess Club"]
[Date "2023.04.07"]
[Round "1.18"]
[White "Perrin, Brent"]
[Black "Sethuramalingam, Karthik"]
[Result "1-0"]
[WhiteElo "1960"]
[BlackElo "1415"]

1. e4 c6 2. d4 d5 3. exd5 cxd5 4. Bd3 Nc6 5. c3 Nf6 6. h3 Qa5 7. Nf3 Qb6 8. O-O
g6 9. Re1 Bg7 10. Nbd2 O-O 11. Nf1 Re8 12. Qc2 Qc7 13. Be3 b6 14. Rad1 Bb7 15.
Ng3 Rac8 16. Qd2 Na5 17. Ne5 Nc4 18. Nxc4 dxc4 19. Bf1 Nd5 20. Bh6 Bxh6 21.
Qxh6 e5 22. dxe5 Rxe5 23. Rxe5 Qxe5 24. Rd4 b5 25. Be2 f5 26. Bf3 Ba8 27. Qd2
Rc5 28. Qg5 Bc6 29. Ne4 Nf4 30. Nxc5 Nxh3+ 31. gxh3 Bxf3 32. Rd8+ Kg7 33. Rd7+
Kf8 34. Qd8+ Qe8 35. Ne6+ Kg8 36. Qxe8# 1-0

[Event "Wellington Open 2023"]
[Site "Wellington Chess Club"]
[Date "2023.04.07"]
[Round "1.19"]
[White "Qu, Lucas"]
[Black "Winsley, Nicholas"]
[Result "0-1"]
[WhiteElo "1358"]
[BlackElo "1942"]

1. e4 c5 2. d4 cxd4 3. c3 dxc3 4. Nxc3 Nc6 5. Bf4 e5 6. Bg3 Bb4 7. Nf3 d6 8.
Bc4 Nf6 9. Ng5 O-O 10. Qb3 Qc7 11. Rc1 h6 12. Nxf7 Rxf7 13. Bxf7+ Qxf7 14.
Qxf7+ Kxf7 15. f3 Nd4 16. a3 Nb3 17. Rc2 Ba5 18. O-O Be6 19. Nb5 Rd8 20. f4 Nd4
21. Nxd4 exd4 22. e5 d3 23. Rcf2 Ne4 24. Rf3 Bc4 25. Rd1 d2 26. b3 Nxg3 27.
bxc4 Bb6+ 28. Rf2 Ne4 0-1

[Event "Wellington Open 2023"]
[Site "Wellington Chess Club"]
[Date "2023.04.07"]
[Round "1.20"]
[White "Benitez, Edgar"]
[Black "Sova, Leo"]
[Result "1/2-1/2"]
[WhiteElo "1930"]
[BlackElo "1253"]

1. d4 d5 2. Bf4 Nf6 3. Nd2 Bf5 4. e3 e6 5. Ngf3 c5 6. Bb5+ Nc6 7. O-O Qb6 8.
Bxc6+ Qxc6 9. Ne5 Qb6 10. g4 Bg6 11. c4 cxd4 12. Qa4+ Kd8 13. g5 Qb4 14. Qxb4
Bxb4 15. Ndf3 Nd7 16. exd4 Nxe5 17. Nxe5 dxc4 18. a3 Ba5 19. Nxc4 Bc7 20. Bxc7+
Kxc7 21. Rac1 Kd7 22. Ne5+ Kd6 23. Rc5 f6 24. Nc4+ Kd7 25. Ne3 Rac8 26. Rfc1 b6
27. Rxc8 Rxc8 28. Rxc8 Kxc8 29. gxf6 gxf6 30. Ng4 f5 31. Ne5 Kc7 32. f4 Kd6 33.
Kf2 Kd5 34. Ke3 Be8 35. Kd3 b5 36. b4 1/2-1/2